<?xml version="1.0" encoding="UTF-8"?>
<record
    xmlns:xsi="http://www.w3.org/2001/XMLSchema-instance"
    xsi:schemaLocation="http://www.loc.gov/MARC21/slim http://www.loc.gov/standards/marcxml/schema/MARC21slim.xsd"
    xmlns="http://www.loc.gov/MARC21/slim">

  <leader>01150nam0a22002891  4500</leader>
  <controlfield tag="001">rc\4393296</controlfield>
  <controlfield tag="005">20250611165328.0</controlfield>
  <datafield tag="021" ind1=" " ind2=" ">
    <subfield code="a">RU</subfield>
    <subfield code="b">[66-94478]</subfield>
  </datafield>
  <datafield tag="035" ind1=" " ind2=" ">
    <subfield code="a">(NLR Aleph) 008294937</subfield>
  </datafield>
  <datafield tag="090" ind1=" " ind2=" ">
    <subfield code="a">8599610</subfield>
    <subfield code="c">8599610</subfield>
  </datafield>
  <datafield tag="100" ind1=" " ind2=" ">
    <subfield code="a">20130416d1966    |||y0rusy50      ca</subfield>
  </datafield>
  <datafield tag="101" ind1="1" ind2=" ">
    <subfield code="a">rus</subfield>
    <subfield code="c">lit</subfield>
  </datafield>
  <datafield tag="102" ind1=" " ind2=" ">
    <subfield code="a">RU</subfield>
  </datafield>
  <datafield tag="105" ind1=" " ind2=" ">
    <subfield code="a">a   z   |||||</subfield>
  </datafield>
  <datafield tag="200" ind1="1" ind2=" ">
    <subfield code="a">&#x421;&#x442;&#x443;&#x447;&#x443;&#x441;&#x44C; &#x432; &#x434;&#x432;&#x435;&#x440;&#x44C;</subfield>
    <subfield code="e">&#x41D;&#x43E;&#x432;&#x435;&#x43B;&#x43B;&#x44B;</subfield>
    <subfield code="f">[&#x41F;&#x435;&#x440;&#x435;&#x432;&#x43E;&#x434; &#x441; &#x43B;&#x438;&#x442;&#x43E;&#x432;. &#x413;. &#x41A;&#x430;&#x43D;&#x43E;&#x432;&#x438;&#x447;</subfield>
    <subfield code="g">&#x418;&#x43B;.: &#x41B;. &#x420;&#x430;&#x43C;&#x43E;&#x43D;&#x435;&#x43D;&#x435;]</subfield>
  </datafield>
  <datafield tag="210" ind1=" " ind2=" ">
    <subfield code="a">&#x412;&#x438;&#x43B;&#x44C;&#x43D;&#x44E;&#x441;</subfield>
    <subfield code="c">Vaga</subfield>
    <subfield code="d">1966</subfield>
  </datafield>
  <datafield tag="215" ind1=" " ind2=" ">
    <subfield code="a">386 &#x441;.</subfield>
    <subfield code="c">&#x438;&#x43B;.</subfield>
    <subfield code="d">17</subfield>
  </datafield>
  <datafield tag="327" ind1="0" ind2=" ">
    <subfield code="a">&#x420;&#x430;&#x437;&#x434;&#x435;&#x43B;&#x44B;: &#x41F;&#x43B;&#x44B;&#x432;&#x443;&#x442; &#x43E;&#x431;&#x43B;&#x430;&#x43A;&#x430;; &#x427;&#x435;&#x440;&#x43D;&#x43E;&#x435; &#x44D;&#x445;&#x43E;; &#x412; &#x43F;&#x43B;&#x435;&#x43D;&#x443; &#x443; &#x432;&#x43E;&#x441;&#x445;&#x43E;&#x434;&#x430;; &#x41D;&#x430; &#x442;&#x43E;&#x43C; &#x431;&#x435;&#x440;&#x435;&#x433;&#x443;</subfield>
  </datafield>
  <datafield tag="464" ind1=" " ind2="0">
    <subfield code="1">2001#$a&#x41F;&#x43B;&#x44B;&#x432;&#x443;&#x442; &#x43E;&#x431;&#x43B;&#x430;&#x43A;&#x430;$e&#x420;&#x430;&#x437;&#x434;&#x435;&#x43B;$a&#x427;&#x435;&#x440;&#x43D;&#x43E;&#x435; &#x44D;&#x445;&#x43E;$e&#x420;&#x430;&#x437;&#x434;&#x435;&#x43B;$a&#x412; &#x43F;&#x43B;&#x435;&#x43D;&#x443; &#x443; &#x432;&#x43E;&#x441;&#x445;&#x43E;&#x434;&#x430;$e&#x420;&#x430;&#x437;&#x434;&#x435;&#x43B;$a&#x41D;&#x430; &#x442;&#x43E;&#x43C; &#x431;&#x435;&#x440;&#x435;&#x433;&#x443;$e&#x420;&#x430;&#x437;&#x434;&#x435;&#x43B;</subfield>
    <subfield code="t">&#x41D;&#x430; &#x442;&#x43E;&#x43C; &#x431;&#x435;&#x440;&#x435;&#x433;&#x443;</subfield>
  </datafield>
  <datafield tag="700" ind1=" " ind2="1">
    <subfield code="a">&#x414;&#x430;&#x443;&#x442;&#x430;&#x440;&#x442;&#x430;&#x441;</subfield>
    <subfield code="b">&#x412;.</subfield>
    <subfield code="g">&#x412;&#x43B;&#x430;&#x434;&#x430;&#x441;</subfield>
  </datafield>
  <datafield tag="702" ind1=" " ind2="1">
    <subfield code="a">&#x41A;&#x430;&#x43D;&#x43E;&#x432;&#x438;&#x447;</subfield>
    <subfield code="b">&#x413;.</subfield>
    <subfield code="4">730</subfield>
  </datafield>
  <datafield tag="702" ind1=" " ind2="1">
    <subfield code="a">&#x420;&#x430;&#x43C;&#x43E;&#x43D;&#x435;&#x43D;&#x435;</subfield>
    <subfield code="b">&#x41B;.</subfield>
    <subfield code="4">440</subfield>
  </datafield>
  <datafield tag="801" ind1=" " ind2="0">
    <subfield code="a">RU</subfield>
    <subfield code="b">NLR</subfield>
    <subfield code="g">psbo</subfield>
  </datafield>
  <datafield tag="801" ind1=" " ind2="1">
    <subfield code="a">RU</subfield>
    <subfield code="b">ELAR</subfield>
    <subfield code="2">rusmarc</subfield>
  </datafield>
  <datafield tag="852" ind1=" " ind2=" ">
    <subfield code="a">NLR</subfield>
    <subfield code="j">67-2/65</subfield>
  </datafield>
  <datafield tag="942" ind1=" " ind2=" ">
    <subfield code="c">BOOK</subfield>
  </datafield>
  <datafield tag="980" ind1=" " ind2=" ">
    <subfield code="a">NB</subfield>
  </datafield>
  <datafield tag="995" ind1=" " ind2=" ">
    <subfield code="5">2013-10-26</subfield>
    <subfield code="b">NLR01</subfield>
    <subfield code="c">NLR01</subfield>
    <subfield code="e">RF31</subfield>
    <subfield code="f">8294937-10</subfield>
    <subfield code="k">67-2/65</subfield>
    <subfield code="o">0</subfield>
    <subfield code="r">BOOK</subfield>
    <subfield code="s">67265_</subfield>
  </datafield>
</record>
